| 000 | 01328nam0a22003131 4500 | ||
|---|---|---|---|
| 001 | rc\3987300 | ||
| 005 | 20130415122651.2 | ||
| 021 |
_aRU _b[48-13549] |
||
| 035 | _a(NLR Aleph) 008065062 | ||
| 090 |
_a9027248 _c9027248 |
||
| 100 | _a20130415d1948 |||y0rusy50 ca | ||
| 101 | 0 | _arus | |
| 102 | _aRU | ||
| 105 | _aa j ||||| | ||
| 200 | 1 |
_aРодная литература _eХрестоматия для 6 класса семилет. и сред. школы _fСост. А.С. Толстов, П.А. Шевченко, А.И. Петропавловская |
|
| 205 | _a8-е изд. | ||
| 210 |
_aМосква _cУчпедгиз _d1948 _gТип. "Кр. пролетарий" |
||
| 215 |
_a504 с. _cил. _d21 |
||
| 300 | _aНа переплете сост. не указаны | ||
| 606 |
_aРусская литература _jХрестоматии _2psbo |
||
| 606 |
_aЛитература _jХрестоматии _2psbo |
||
| 700 | 1 |
_aТолстов _bА. С. _f1874- _gАлександр Семенович _4220 |
|
| 701 | 1 |
_aПетропавловская _bА. И. _gАлександра Ивановна _4220 |
|
| 701 | 1 |
_aШевченко _bП. А. _gПрасковья Андреевна _4220 |
|
| 801 | 0 |
_aRU _bNLR _gpsbo |
|
| 801 | 1 |
_aRU _bELAR _2rusmarc |
|
| 852 |
_aNLR _jЯ60 Г-3/401 |
||
| 942 | _cBOOK | ||
| 980 | _aNB | ||